Rót cát thành tranh /

Guardat en:
Dades bibliogràfiques
Autor principal: Nguyễn Linh Giang.
Format: Article
Idioma:Vietnamese
Matèries:
Etiquetes: Afegir etiqueta
Sense etiquetes, Sigues el primer a etiquetar aquest registre!
Thư viện lưu trữ: Thư viện Trường Đại học Đà Lạt
LEADER 00715nam a2200265 4500
001 DLU100113444
005 ##20101123
040 # # |a DLU  |b vie 
041 # # |a vie 
044 # # |a vn 
100 # # |a Nguyễn Linh Giang. 
245 # # |a Rót cát thành tranh /  |c Nguyễn Linh Giang. 
653 # # |a Nghệ nhân 
653 # # |a Nghệ thuật 
653 # # |a Tranh cát 
773 # # |t Doanh nhân và pháp luật  |g Số 5, 2008, tr. 68-69 
920 # # |a Phòng Tạp chí -- Trung tâm Thông tin - Thư viện Trường Đại học Đà Lạt 
994 # # |a DLU 
900 # # |a True 
911 # # |a Nguyễn Thị Linh Chi 
925 # # |a G 
926 # # |a A 
927 # # |a BB 
980 # # |a Thư viện Trường Đại học Đà Lạt